Wong's nursing care of infants and children/ (Record no. 3666)

MARC details
000 -LEADER
fixed length control field 00831nam a22002537a 4500
003 - CONTROL NUMBER IDENTIFIER
control field OSt
005 - DATE AND TIME OF LATEST TRANSACTION
control field 20250714100553.0
008 - FIXED-LENGTH DATA ELEMENTS--GENERAL INFORMATION
fixed length control field 250714b |||||||| |||| 00| 0 eng d
020 ## - INTERNATIONAL STANDARD BOOK NUMBER
International Standard Book Number 978-0-323-77670-7
040 ## - CATALOGING SOURCE
Original cataloging agency DWC-Main Lib
Transcribing agency OC
082 ## - DEWEY DECIMAL CLASSIFICATION NUMBER
Classification number Circ. 618.92 H685w 2024
100 ## - MAIN ENTRY--PERSONAL NAME
Personal name Hockenberry, Marilyn J.
245 ## - TITLE STATEMENT
Title Wong's nursing care of infants and children/
Statement of responsibility, etc. Marilyn J. Hockenberry [and two others]
250 ## - EDITION STATEMENT
Edition statement 12th edition
260 ## - PUBLICATION, DISTRIBUTION, ETC.
Place of publication, distribution, etc. Singapore :
Name of publisher, distributor, etc. Elsevier,
Date of publication, distribution, etc. c2024.
300 ## - PHYSICAL DESCRIPTION
Extent volume 2, xxxi, 739-1442 pages :
Other physical details illustrations ;
Dimensions 28cm.
504 ## - BIBLIOGRAPHY, ETC. NOTE
Bibliography, etc. note Includes index.
650 ## - SUBJECT ADDED ENTRY--TOPICAL TERM
Topical term or geographic name entry element 1. Infants- Nursing
650 ## - SUBJECT ADDED ENTRY--TOPICAL TERM
Topical term or geographic name entry element 2. Nursing care of children
650 ## - SUBJECT ADDED ENTRY--TOPICAL TERM
Topical term or geographic name entry element 3. Pediatric nursing
700 ## - ADDED ENTRY--PERSONAL NAME
Personal name Duffy, Elizabeth A.
700 ## - ADDED ENTRY--PERSONAL NAME
Personal name Gibbs, Karen Divalerio
942 ## - ADDED ENTRY ELEMENTS (KOHA)
Source of classification or shelving scheme Dewey Decimal Classification
Koha item type Book Circulation
Edition 12th edition
Call number prefix Circ.
Suppress in OPAC No
952 ## - LOCATION AND ITEM INFORMATION (KOHA)
--
952 ## - LOCATION AND ITEM INFORMATION (KOHA)
--
Holdings
Withdrawn status Lost status Source of classification or shelving scheme Damaged status Not for loan Home library Current library Shelving location Date acquired Source of acquisition Total Checkouts Full call number Barcode Date last seen Copy number Price effective from Koha item type Uniform Resource Identifier
    Dewey Decimal Classification     College Library College Library Circulation 01/23/2025 School Fund   Circ. 618.92 H685w 2024 54309 07/14/2025 c1 07/14/2025 BK-CIRC
    Dewey Decimal Classification     HM & Nursing Library HM & Nursing Library Circulation 01/23/2024 School Fund   Circ. 618.92 H685w 2024 54308 07/14/2025 c2 07/14/2025 BK-CIRC